Statistics for Random Knowledge Quiz #47

Click here to take the quiz!

General Stats

  • This quiz has been taken 68 times
  • The average score is 10 of 15

Answer Stats

QuestionAnswer% Correct
“Bobby” is a popular shortening of what name?Robert
90%
What is the longest running animated American TV show?The Simpsons
90%
Name the countries that border Belgium.Germany
83%
France
77%
Which style of architecture is Notre Dame Cathedral?Gothic
75%
If you're eating a pink lady, what fruit are you eating?An apple
73%
Netherlands
72%
Luxembourg
68%
And in what year did it first air?1987
62%
Which delicacy is traditionally composed of phyllo pastry, honey, and crushed nuts?Baklava
52%
What is the term for when number 1 is written with 100 zeros behind it?Googol
50%
Who is the first winner of American Idol?Kelly Clarkson
50%
Who is the alter-ego of Miley Stewart?Hannah Montana
45%
50 Shades of Grey was originally fanfiction of which YA novel?Twilight
38%
Finish this quote: "I am inevitable." "And I... am..."Iron Man
37%

Score Distribution

Percentile by Number Answered

Percent of People with Each Score

Your Score History

You have not taken this quiz